Statistics for Most popular sports in the United Kingdom

Click here to take the quiz!

General Stats

  • This quiz has been taken 641 times
  • The average score is 6 of 10

Answer Stats

Rank #Answer% Correct
1Football
99%
4Cricket
85%
3Tennis
80%
10Golf
61%
5Athletics
54%
2Rugby Union
49%
8Rugby League
45%
6Snooker
40%
9Boxing
37%
7Motor racing
34%

Score Distribution

Percentile by Number Answered

Percent of People with Each Score

Your Score History

You have not taken this quiz